Interpretatio Graeca - Roman Versions of Greek Myths - Statistics

General Stats
  • This quiz has been taken 17 times
    16 since last reset
  • The average score is 20 of 55
Answer Stats
Notability Greek Roman % Correct
God of love, desire, and intercourse Eros Cupid
100%
King of the gods; god of sky and thunder Zeus Jupiter / Jove
100%
God of war and courage Ares Mars
100%
Goddess of wisdom and warfare Athena Minerva
100%
God of the dead, riches; king of the underworld Hades Pluto (Dis Pater and Orcus)
100%
Goddess of love, lust, beauty, and passion Aphrodite Venus
100%
God of healing, prophecy, music, poetry, archery, etc. Apollo Apollo
83%
Goddess of the harvest and agriculture Demeter Ceres
83%
Goddess of the hunt, the wilderness, childbirth, chastity, etc. Artemis Diana
83%
Goddess of marriage, women, and family Hera Juno
83%
God of wine-making, fertility, festivity, etc. Dionysus Liber / Bacchus
83%
Herald of the gods; god of travelers, thieves, messages, etc. Hermes Mercury
83%
God of the sea, storms, earthquakes, and horses Poseidon Neptune
83%
Leader of the Titans Cronus Saturn
83%
God of blacksmiths, carperenters, fire, volcanoes, etc. Hephaestus Vulcan
83%
Son of Zeus; divine hero who completed twelve labors Heracles Hercules
67%
Personification of Earth; mother of Uranus Gaia Terra
67%
Legendary hero king of Ithaca; protagonist in the Odyssey Odysseus Ulysses / Ulixes
67%
Goddess of victory Nike Victoria
67%
Goddess and personification of the Moon Selene Luna
50%
Queen of the underworld; goddess of the dead, grain, and spring Persephone Proserpina
50%
Virgin goddess of the hearth and the home Hestia Vesta
50%
Companion of the nymphs; God of nature, the wild, shepherds, etc. Pan Faunus
33%
Personification of death Thanatos Mors
33%
Personification of the rainbow; messenger and servant of the Olympians Iris Arcus / Iris
17%
Goddess of strife and discord Eris Discordia
17%
Personification of fame Pheme Fama
17%
Chthonic goddesses of vengeance Erinyes Furies
17%
Goddess of youth or prime of life; cup-bearer of Mount Olympus Hebe Juventas
17%
Morning Star (the planet Venus) Phosphoros Lucifer
17%
Third of the Three Fates; one who cut the threads Atropos Morta
17%
Wind gods of each cardinal direction Anemoi Venti
17%
Son of Apollo; hero and god of medicine Asclepius Aesculapius
0%
Member of the Anemoi: wintry god of the cold north wind and storms Boreas Aquilo
0%
Personification and goddess of the dawn Eos Aurora / Matuta
0%
Member of the Anemoi: rain-bringing god of the south wind Notus Auster
0%
Goddess of war Enyo Bellona
0%
Primordial personification of the sky Uranus Caelus
0%
Second of the Three Fates; one who measures the threads Lachesis Decima
0%
Personfiication of destiny Moirai Fates / Parcae
0%
Member of the Anemoi: gentler god of the west wind Zephyrus Favonius
0%
Tutelary goddess of fortune and prosperity of a city Tyche Fortuna
0%
Childhood goddess Leto Latona
0%
Goddess of childbirth and midwifery Eileithyia Lucina
0%
First of the Three Fates; one who spins the threads Clotho Nona
0%
Titan mother goddess; sister and wife of Cronus Rhea Ops / Magna Mater
0%
Personification and goddess of peace Eirene Pax
0%
Boeotian prince; daughter of King Cadmus of Thebes Palaemon Portunus
0%
Sea goddess; consort of Poseidon Amphitrite Salacia
0%
Goddess of health, cleanliness, and hygiene Hygeia Salus
0%
Dionysus' companion and tutor; god of drunkenness and winemaking Silenus Silvanus
0%
Personification of the Sun Helios Sol Invictus / Sol Indiges
0%
Three-formed goddess of magic Hecate Trivia
0%
Evening Star (the planet Venus) Hesperus Vesper
0%
Member of the Anemoi: god of the east wind Eurus Vulturnus
0%
No matching quizzes found
Score Distribution
Percent of People with Each Score
Percentile by Number Answered
Your Score History
You have not taken this quiz since the last reset